00409 2200169 4500001002100000005001500021008004100036020002200077035001900099041000700118082000800125090001400133245001000147260003200157300001800189650003200207INLIS00000000001550920241224114940241224||||||||| | ||| |||| || |  a978-979-1813-15-0 0010-1224015509 aid0 a570 a570 TIM b00aBadak aJakartabKreasi Mediac2008 a29hlm;19x19cm 0aIlmu ilmu tentang kehidupan